Online
Catalog

Fray Pedro de Córdoba : (Record no. 26665)

MARC details
000 -CABECERA
campo de control de longitud fija 00912nam a2200241 a 4500
001 - NÚMERO DE CONTROL
campo de control 000027173
005 - FECHA Y HORA DE LA ÚLTIMA TRANSACCIÓN
campo de control 20240305085225.0
008 - DATOS DE LONGITUD FIJA--INFORMACIÓN GENERAL
campo de control de longitud fija 110330s1985 dr a r 000 0bspa d
040 ## - FUENTE DE LA CATALOGACIÓN
Centro catalogador/agencia de origen DO-SdBNP
Lengua de catalogación spa
Centro/agencia transcriptor BNPHU
082 ## - NÚMERO DE LA CLASIFICACIÓN DECIMAL DEWEY
Número de clasificación 922.22
Número de documento/Ítem C796B
100 1# - ENTRADA PRINCIPAL--NOMBRE DE PERSONA
Nombre de persona Barinas Coiscou, Sócrates,
Fechas asociadas al nombre 1916-2021
9 (RLIN) 24379
245 10 - MENCIÓN DE TÍTULO
Título Fray Pedro de Córdoba :
Resto del título primer santo olvidado del nuevo mundo /
Mención de responsabilidad, etc. Sócrates Barinas Coiscou.
260 ## - PUBLICACIÓN, DISTRIBUCIÓN, ETC.
Lugar de publicación, distribución, etc. Santo Domingo :
Nombre del editor, distribuidor, etc. Impresos de Calidad,
Fecha de publicación, distribución, etc. 1985.
300 ## - DESCRIPCIÓN FÍSICA
Extensión 127 p. :
Otras características físicas il. ;
Dimensiones 21 cm.
500 ## - NOTA GENERAL
Nota general Incluye índice onomástico
504 ## - NOTA DE BIBLIOGRAFÍA, ETC.
Nota de bibliografía, etc. Bibliografía: p. 121-122
590 ## - NOTA LOCAL (RLIN)
Nota local Inventariado, 2019/MFF
600 14 - PUNTO DE ACCESO ADICIONAL DE MATERIA--NOMBRE DE PERSONA
Nombre de persona CÓRDOBA, PEDRO DE,
Fechas asociadas al nombre 1482-1521
9 (RLIN) 54238
650 #4 - PUNTO DE ACCESO ADICIONAL DE MATERIA--TÉRMINO DE MATERIA
Término de materia o nombre geográfico como elemento de entrada Misioneros españoles
Subdivisión de forma BIOGRAFÍAS
9 (RLIN) 54239
650 #4 - PUNTO DE ACCESO ADICIONAL DE MATERIA--TÉRMINO DE MATERIA
Término de materia o nombre geográfico como elemento de entrada Misioneros
Subdivisión geográfica República Dominicana
Subdivisión de forma BIOGRAFÍAS
9 (RLIN) 54240
651 #4 - PUNTO DE ACCESO ADICIONAL DE MATERIA--NOMBRE GEOGRÁFICO
Nombre geográfico República Dominicana
Subdivisión de forma BIOGRAFÍAS
9 (RLIN) 1083
910 ## - DATOS DE OPCIÓN DEL USUARIO (OCLC)
Datos de opción del usuario Validado. Control de calidad MFF
Holdings
Estado de retiro Estado de pérdida No para préstamo Código de colección Localización permanente Ubicación/localización actual Ubicación en estantería Fecha de adquisición Número de inventario Total de préstamos Signatura topográfica completa Código de barras Fecha visto por última vez Precio válido a partir de Tipo de ítem Koha Número de copia Restricciones de uso
    Excluido de préstamo Patrimonio Dominicano Patrimonio Dominicano Patrimonio Dominicano Depósito 30.03.2011 LF1   922.22 C796B 27173-10 25.06.2020 25.06.2020 Libro y Folleto Colección Patrimonio Dominicano    
    Excluido de préstamo Patrimonio Dominicano Patrimonio Dominicano Patrimonio Dominicano Depósito 30.03.2011 LF1   922.22 C796B 27173-20 25.06.2020 25.06.2020 Libro y Folleto Colección Patrimonio Dominicano e. 2  
      Dominicana de Servicio Patrimonio Dominicano Patrimonio Dominicano Depósito 30.03.2011 LF1   922.22 C796B 27173-30 25.06.2020 25.06.2020 Libro y Folleto Colección Dominicana de Servicio e. 3  
      Dominicana de Servicio Patrimonio Dominicano Patrimonio Dominicano Depósito 30.03.2011 LF1   922.22 C796B 27173-40 25.06.2020 25.06.2020 Libro y Folleto Colección Dominicana de Servicio e. 4  

Powered by Koha